000
00308pab a2200145 454500
008
180718b2002 xxu||||| |||| 00| 0 eng d
100
_a
Anant Kumar
245
_a
Mental health
260
_c
2002
300
_a
p.42-43,49
362
_a
Mar
650
_a
Mental health
773
_a
Yojana
909
_a
51423
999
_c
51423
_d
51423